Pěstování a množení póru

Bibliographic Details
Other Authors: Lužný, Jan, 1926-2013 (Compiler), Fic, Vlastimil, 1925-2021 (Compiler)
Format: Book
Language:Czech
PhysicalDescription:24 s. tab. 21 cm
Published: Praha Ústav vědeckotechnických informací pro zemědělství 1987
Series:Metodiky pro zavádění výsledků výzkumu do zemědělské praxe
Subjects:

MARC

LEADER 00000cam a2200000 a 4500
001 vtls009740544
003 SK-MaSNL
005 20260301082507.0
008 210928s1987 xr a f 000 0 cze
015 |a SNBA1987 
035 |a (SVKBBclas03)vtls000112074 
035 |a urn:nbn:sk:snk-amjw7d 
035 |a urn:nbn:sk:snk-am007yo5 
035 |a C445A4DD-35E3-4AD2-B852-FD6668754147 
040 |a SNK  |b slo  |c SNK  |e AACR2 
041 0 |a cze  |b eng  |b rus 
044 |a xr  |c CZ 
080 |a 635.26  |2 2001 
245 0 0 |a Pěstování a množení póru  |c [zost. Jan Lužný, Vladimír Fic] 
260 |a Praha  |b Ústav vědeckotechnických informací pro zemědělství  |c 1987 
300 |a 24 s.  |b tab.  |c 21 cm 
490 1 |a Metodiky pro zavádění výsledků výzkumu do zemědělské praxe  |v S-4/1986 
546 |a Res. angl., rus. 
650 0 7 |a pestovanie rastlín  |2 SNKPH  |9 29223 
655 7 |a monografie  |2 SNKPH  |9 70139 
700 1 |a Lužný, Jan,  |d 1926-2013  |4 com  |9 156273 
700 1 |a Fic, Vlastimil,  |d 1925-2021  |4 com  |9 262094 
830 0 |a Metodiky pro zavádění výsledků výzkumu do zemědělské praxe  |9 276701 
954 |a odborná, vedecká literatúra cudzojazyčná (svetová)  |2 lita 
958 |a OND 
999 |c 658643  |d 660573 
952 |a SNK  |b SNK  |y VYP  |7 0  |p 17A1138492  |o snkSC 70970 D1  |i snkKIP 2106/88  |0 0  |1 0  |4 0  |d 2015-02-25  |f 1  |l 0  |r 2026-02-23 18:45:27  |w 2026-02-23